| 000 | 00346nam a2200133Ia 4500 | ||
|---|---|---|---|
| 008 | 240624s9999 xx 000 0 und d | ||
| 041 | _aeng | ||
| 082 | _a150 YAM | ||
| 100 | _aYAMAGISHI TOSHIO | ||
| 245 | _aTRUST THE EVOLUTIONARY GAME OF MIND AND | ||
| 260 |
_c2011 _aLondon _bSpringer |
||
| 300 | _axv, : 177 : p. : cm. ; 24 | ||
| 365 |
_cERU _b28 |
||
| 999 |
_c22571 _d22571 |
||